=LDR 00000nam 2200000 4500 =001 INLIS000000000017782 =005 20130612113010 =008 ***********************************Ind** =035 ##$$0010-061300000017782 =041 ##$$a Ind =082 ##$$a 658 =090 ##$$a 658, Tay i =100 ##$$a Taylor, Bernard W =245 ##$$a Introduction to management science, Bernard W. Taylor =260 ##$$a 2005 $b Jakarta =300 ##$$a xx, 414 hlm, 23 cm =650 ##$$a Manajemen =850 ##$$a NBPNMAT